000
00261nam a22001217a 4500
008
181018b xxu||||| |||| 00| 0 eng d
041
_a
eng
080
_a
701
100
_a
45
101
_a
ART
245
_a
The World of Van Gogh
_c
Wallace, R
942
_2
udc
_c
BK
999
_c
50134
_d
50134